00507nam a2200193 a 4500001001300000003000900013005001700022008004100039020000900080082001800089100002900107245002700136260004800163300000900211500003500220505001300255650001600268700002900284nice12345678IN_TiNIC20260116012817.0050524s1986 newa grp 000 0 eng  ac9500a954.0258bKIR aKirmani, Husain Ali Khan aHistory of Tipu Sultan aNew DelhibAsian Educational Servicesc1986 a186p aincludes index and biblioraphy2 aAppendix aTipu Sultan1 aKirmani, Husain Ali Khan